000 00459nam a2200157Ia 4500
008 210716s2007 xx 000 0 und d
020 _a9788131507872
041 _aeng
082 _a658.83 SHAA
100 _aShao, Alan T; Zhou, Kevin Zheng.
245 _aMarketing research: a decision makers tool.
_bA decision makers tool.
250 _a1
260 _aNew Delhi
_bCengage Learning India Pvt Ltd
_c2007
300 _a403
650 _aMarketing Research
999 _c203790
_d203790